[Event "AUTO-INT-2360"]
[Site "http://www.queenalice.com/game.php?id=1103690"]
[Date "2012.9.17"]
[Round "2"]
[White "joao_messias"]
[Black "Robert_Faria"]
[Result "1-0"]
[WhiteElo "1864"]
[BlackElo "1646"]

1. e4 c5 2. Nc3 Nc6 3. d3 d6 4. h3 e5 5. Nd5 h6 6. Bd2 Be6 7. Nf3 Nge7 8. Nxe7
Bxe7 9. Be2 O-O 10. Qc1 Nd4 11. Nxd4 cxd4 12. c3 dxc3 13. bxc3 Bg5 14. Bxg5 hxg5
15. c4 Rc8 16. h4 gxh4 17. Qe3 b5 18. cxb5 Rc2 19. f3 Qa5+ 20. Kf2 Rxa2 21. Rxa2
1-0

[Event "AUTO-INT-2360"]
[Site "http://www.queenalice.com/game.php?id=1103691"]
[Date "2012.9.17"]
[Round "2"]
[White "Robert_Faria"]
[Black "GustavoFS"]
[Result "0-1"]
[WhiteElo "1623"]
[BlackElo "1660"]

1. d4 d5 2. c4 Nf6 3. Nc3 e6 4. Bg5 Be7 5. e3 h6 6. Bf4 g5 7. Be5 Nc6 8. Bxf6
Bxf6 9. Be2 Bd7 10. Rc1 Qe7 11. cxd5 exd5 12. Nxd5 Qd6 13. Nxf6+ Qxf6 14. Bg4
Qe7 15. Bxd7+ Qxd7 16. Ne2 O-O-O 17. O-O g4 18. Nf4 h5 19. Rc5 Nb4 20. Qb3 b6
21. Rc3 Nc6 22. Rfc1 Rh6 23. Qb5 g3 24. Nxh5 Qd6 25. Rxc6 gxh2+ 26. Kh1 Qf8 27.
Rxc7+ Kb8 0-1

[Event "AUTO-INT-2360"]
[Site "http://www.queenalice.com/game.php?id=1103692"]
[Date "2012.9.17"]
[Round "2"]
[White "GustavoFS"]
[Black "Robert_Faria"]
[Result "1-0"]
[WhiteElo "1644"]
[BlackElo "1639"]

1. e4 c5 2. Nc3 Nc6 3. Nf3 d6 4. d3 Bg4 5. Be2 Nd4 6. Nxd4 cxd4 7. Bxg4 Nf6 8.
Nb5 Qa5+ 9. Bd2 Qxb5 10. b3 e6 11. a4 Qc6 12. Bf3 e5 13. Rc1 Qb6 14. Qe2 Be7 15.
h4 O-O 16. g4 Nd7 17. h5 Nc5 18. b4 Nxa4 19. h6 Rac8 20. hxg7 Rfe8 21. Qf1 Nc3
22. Rxh7 Kxh7 23. Qh3+ Kxg7 24. Qh6+ Kg8 25. g5 Bf8 26. Qh5 Qxb4 27. Bg4 Rc7 28.
Bf5 1-0

[Event "AUTO-OPEN-2720"]
[Site "http://www.queenalice.com/game.php?id=1110172"]
[Date "2012.10.7"]
[Round "2"]
[White "sovay"]
[Black "Robert_Faria"]
[Result "1-0"]
[WhiteElo "2428"]
[BlackElo "1722"]

1. e4 c5 2. Nf3 Nc6 3. Bb5 Nd4 4. Nxd4 cxd4 5. O-O a6 6. Bc4 e6 7. d3 d6 8. Nd2
b5 9. Bb3 Nf6 10. Nf3 Be7 11. Nxd4 O-O 12. Nc6 Qc7 13. Nxe7+ Qxe7 14. a4 Bb7 15.
Re1 Nd7 16. d4 h6 17. Qd3 Qh4 18. Bd2 Rfe8 19. axb5 axb5 20. Rxa8 Rxa8 21. Bb4
Nf6 22. f3 d5 23. e5 Nh5 24. g3 1-0

[Event "AUTO-OPEN-2720"]
[Site "http://www.queenalice.com/game.php?id=1110173"]
[Date "2012.10.7"]
[Round "2"]
[White "Robert_Faria"]
[Black "sovay"]
[Result "0-1"]
[WhiteElo "1717"]
[BlackElo "2412"]

1. d4 d5 2. c4 Nc6 3. cxd5 Qxd5 4. e3 e5 5. Nf3 Bg4 6. Be2 exd4 7. Nxd4 Qxg2 8.
Bf3 Qxh1+ 9. Bxh1 Bxd1 10. Nxc6 Ba4 11. Nd4 O-O-O 12. Nc3 Bb4 13. Bd2 Bd7 14.
O-O-O Nf6 15. Ncb5 Bxd2+ 16. Rxd2 Bxb5 17. b3 Bd7 18. Kb2 Rhe8 19. Nc2 Bf5 20.
Rxd8+ Rxd8 21. Nd4 Bg6 0-1

[Event "AUTO-OPEN-2720"]
[Site "http://www.queenalice.com/game.php?id=1110180"]
[Date "2012.10.7"]
[Round "2"]
[White "Robert_Faria"]
[Black "cunha"]
[Result "0-1"]
[WhiteElo "1712"]
[BlackElo "2900"]

1. d4 Nf6 2. c4 e6 3. Nc3 Bb4 4. Bg5 c5 5. Bxf6 Qxf6 6. e3 Nc6 7. Nf3 O-O 8. Rc1
cxd4 9. Nxd4 Nxd4 10. Be2 Nxe2 11. Qxe2 b6 12. O-O Ba6 13. a3 Bxc3 14. Rxc3 Rfc8
15. e4 d5 16. e5 Qf4 17. b3 dxc4 18. b4 Rd8 19. Rd1 Qxe5 20. Re3 Qb2 21. Qf3
Rxd1+ 0-1

[Event "AUTO-OPEN-2720"]
[Site "http://www.queenalice.com/game.php?id=1110181"]
[Date "2012.10.7"]
[Round "2"]
[White "cunha"]
[Black "Robert_Faria"]
[Result "1-0"]
[WhiteElo "2888"]
[BlackElo "1715"]

1. e4 c5 2. Nf3 Nc6 3. d4 cxd4 4. Nxd4 Nf6 5. Nc3 e5 6. Ndb5 d6 7. Nd5 Nxd5 8.
exd5 a6 9. dxc6 axb5 10. cxb7 Bxb7 11. Bxb5+ Ke7 12. O-O g6 13. b4 Bg7 14. a4
Ba6 15. Qd5 Bxb5 16. axb5 Rxa1 17. Bg5+ f6 18. Rxa1 fxg5 19. Ra7+ 1-0

[Event "AUTO-INT-2359"]
[Site "http://www.queenalice.com/game.php?id=1116561"]
[Date "2012.10.27"]
[Round "2"]
[White "Robert_Faria"]
[Black "Betim_Xadrez"]
[Result "0-1"]
[WhiteElo "1608"]
[BlackElo "1759"]

1. d4 Nf6 2. c4 g6 3. Nc3 d6 4. e4 Bg7 5. Be2 c6 6. Nf3 b6 7. O-O Bb7 8. Qc2 O-O
9. e5 dxe5 10. Nxe5 Nbd7 0-1

[Event "AUTO-INT-2359"]
[Site "http://www.queenalice.com/game.php?id=1116566"]
[Date "2012.10.27"]
[Round "2"]
[White "Robert_Faria"]
[Black "bdpq"]
[Result "0-1"]
[WhiteElo "1689"]
[BlackElo "1640"]

1. d4 d5 2. c4 dxc4 3. Nc3 e6 4. Nf3 Nf6 5. Bg5 Bb4 6. e3 b5 7. a3 Bxc3+ 8. bxc3
O-O 9. e4 Nbd7 10. e5 h6 11. Bh4 Bb7 12. Be2 Ne4 13. Qc2 f6 0-1

[Event "AUTO-INT-2359"]
[Site "http://www.queenalice.com/game.php?id=1116567"]
[Date "2012.10.27"]
[Round "2"]
[White "bdpq"]
[Black "Robert_Faria"]
[Result "1-0"]
[WhiteElo "1658"]
[BlackElo "1671"]

1. b4 e6 2. c3 d5 3. Nf3 g6 4. Na3 Bg7 5. g3 e5 6. d4 Bg4 7. Nxe5 Be6 8. Bf4 Nd7
9. Nxd7 Bxd7 10. Bg2 Nf6 11. Bg5 c6 12. O-O h6 13. Bxf6 Qxf6 14. c4 1-0